BIBLIOTECA PODER JUDICIAL
Portal Judicial TDF

Violencia y acoso laboral. Situación actual en la República Argentina / (Registro nro. 6471)

000 -LEADER
fixed length control field 01424nab a22002537a 4500
003 - CONTROL NUMBER IDENTIFIER
control field OSt
005 - DATE AND TIME OF LATEST TRANSACTION
control field 20260210091719.0
008 - FIXED-LENGTH DATA ELEMENTS--GENERAL INFORMATION
fixed length control field 190506c xxu||||| |||| 00| 0 spa d
040 ## - CATALOGING SOURCE
Transcribing agency PJ
100 ## - MAIN ENTRY--PERSONAL NAME
9 (RLIN) 7089
Personal name Peliza, Eleonora
245 10 - TITLE STATEMENT
Title Violencia y acoso laboral. Situación actual en la República Argentina /
Statement of responsibility, etc Eleonora Peliza, Carolina Hita.
260 ## - PUBLICATION, DISTRIBUTION, ETC. (IMPRINT)
Place of publication, distribution, etc Buenos Aires :
Name of publisher, distributor, etc AbeledoPerrot,
Date of publication, distribution, etc 2025.
300 ## - PHYSICAL DESCRIPTION
Extent p. 26-37
500 ## - GENERAL NOTE
General note Cita: TR LALEY AR/DOC/234/2025.<br/>
505 ## - FORMATTED CONTENTS NOTE
Formatted contents note Sumario: I. Introducción.— II. Adopción del Convenio Nro. 190 y su recomendación por la República Argentina.— III. Análisis actual de la violencia laboral en Argentina. Sectores vulnerables.— IV. La particular situación de la comunidad LGTBI+.— V. Políticas públicas y privadas para la erradicación de la violencia y el acoso. El rol del servicio de justicia.— VI. La sanción de la ley 27.742 (Ley Bases) y el Convenio 190.— VII. Recomendaciones y conclusiones.— VIII. Bibliografía.
505 ## - FORMATTED CONTENTS NOTE
Title ¿Te interesa el texto completo? Comunicate al correo: koha@justierradelfuego.gov.ar
650 #0 - SUBJECT ADDED ENTRY--TOPICAL TERM
9 (RLIN) 1316
Topical term or geographic name as entry element DERECHO LABORAL
650 #0 - SUBJECT ADDED ENTRY--TOPICAL TERM
9 (RLIN) 289
Topical term or geographic name as entry element CONTRATO DE TRABAJO
650 #0 - SUBJECT ADDED ENTRY--TOPICAL TERM
Topical term or geographic name as entry element ACOSO SEXUAL
9 (RLIN) 5731
650 #0 - SUBJECT ADDED ENTRY--TOPICAL TERM
Topical term or geographic name as entry element MOBBING
9 (RLIN) 1578
700 ## - ADDED ENTRY--PERSONAL NAME
9 (RLIN) 7090
Personal name Hita, Carolina
773 0# - HOST ITEM ENTRY
Host Biblionumber 2751
Host Itemnumber 3202
Place, publisher, and date of publication Buenos Aires : AbeledoPerrot, 2013-
Title Revista de derecho laboral y seguridad social. Nº 6 - Marzo 2025
942 ## - ADDED ENTRY ELEMENTS (KOHA)
Source of classification or shelving scheme
Koha item type Analítica Artículo de Revista

No hay ítems disponibles.

12 de Octubre 789 Ushuaia - Tel:  54(02901)441571
Horario de Atención: 8.00 a 17.00 hs. 
bibliotecaush@justierradelfuego.gov.ar
koha@justierradelfuego.gov.ar
Seguinos en nuestras redes @bibliojustdf 

Con tecnología Koha